Stanislavski para principiantes /

שמור ב:
מידע ביבליוגרפי
מחבר ראשי: Allen, David (autor)
מחברים אחרים: Fallow, Jeff (ilustración) (ilustración), Solanet, Mariana (traducción) (traducción)
פורמט: ספר
שפה:ספרדית
יצא לאור: Buenos Aires, Argentina : Era Naciente, 1999, c1999
סדרה:(Documentales Ilustrados)
נושאים:
תגים: הוספת תג
אין תגיות, היה/י הראשונ/ה לתייג את הרשומה!

MARC

LEADER 00000nam^a2200000^a^4500
001 000153438
005 20250521000000.0
009 20260310100319.35
020 |a 987-9065-66-2 
037 |a Acervo ITESO - Biblioteca 
041 |a ESP 
082 |a 920. 02  |b PRI V. 52 
100 |a Allen, David  |e (autor) 
240 1 1 |a [Principiantes] 
245 1 0 |a Stanislavski para principiantes /  |c D. Allen ; il. de J. Fallow ; tr. por M. Solanet. 
264 4 |a Buenos Aires, Argentina :  |b Era Naciente,  |c 1999, c1999 
300 |a 176 p. 
336 |a texto  |b txt  |2 rdacontenido 
337 |a sin mediación  |b n  |2 rdamedio 
338 |a volumen  |b nc  |2 rdasoporte 
440 1 |a (Documentales Ilustrados) 
500 |a Traducción de: Stanislavski for Beginners 
649 |a XX 
650 |a Directores de Teatro Rusos 
650 |a Actores Rusos 
650 |a Actuación -  |x Estudio y Enseñanza 
650 |a Actuación -  |x Técnica 
650 |a Lenguaje Teatral 
650 |a Representación (Teatro) 
650 |a Teatro -  |x Teoría 
650 |a Artes Escénicas 
650 |a Stanislavski, Constantin 
700 |a Fallow, Jeff  |e (ilustración) 
700 |a Solanet, Mariana  |e (traducción) 
910 |a Fondo General 
920 |a Impresos - Libros 
930 |a Colección General 
905 |a 101 
901 |a 0500081999  |b IT1  |c ACC  |u 20250521 
902 |a https://opac.biblio.iteso.mx/vufind/Record/000153438